[Event "Tradewise Gibraltar Masters 16th"]
[Site "Gibraltar"]
[Date "2018.02.01"]
[Round "10.59"]
[White "Sahl, Sheila Barth"]
[Black "Yankelevich, Lev"]
[Result "0-1"]
[WhiteElo "2178"]
[BlackElo "2456"]
[PlyCount "124"]
[EventDate "2018.01.23"]
[EventType "swiss"]
[EventRounds "10"]
[EventCountry "GGB"]
[SourceTitle "BritBase"]
[Source "www.saund.co.uk"]
[SourceDate "2018.02.10"]
[SourceVersion "1"]
[SourceVersionDate "2018.02.10"]
[SourceQuality "1"]

1. e4 c5 2. Nf3 d6 3. d4 cxd4 4. Nxd4 Nf6 5. Nc3 a6 6. h3 e5 7. Nde2 h5 8. g3
Be6 9. Bg2 Be7 10. a4 h4 11. g4 Nbd7 12. Bg5 Nh7 13. Be3 O-O 14. O-O Rc8 15.
Qd2 b6 16. Rfd1 Rc6 17. Na2 Qc8 18. Nb4 Rc4 19. b3 Rc7 20. c4 Nc5 21. Rdb1 g6
22. Nc3 f5 23. Nbd5 fxg4 24. Nxc7 Qxc7 25. Nd5 Qd8 26. Bxc5 bxc5 27. Qh6 Bxd5
28. exd5 Qe8 29. Be4 Rf6 30. hxg4 Rf4 31. Bd3 Nf8 32. Kh1 Qf7 33. Re1 g5 34.
Bf5 Rxf5 35. gxf5 Qxf5 36. Qh5 Ng6 37. Re3 Nf4 38. Qf3 Kf8 39. Rg1 Bf6 40. Qe4
Qd7 41. Rf3 a5 42. Kh2 Bd8 43. Qg6 Qe7 44. Re1 Qf6 45. Qxf6+ Bxf6 46. Rxf4 gxf4
47. Kg2 Kf7 48. Kf3 Bg5 49. Ke4 Kf6 50. Rc1 Bh6 51. Rh1 Bg5 52. Rg1 Bh6 53. Rg8
Bg7 54. Re8 h3 55. Re6+ Kf7 56. Kf3 Bf6 57. Rxd6 e4+ 58. Kxf4 h2 59. Kf5 Bh4
60. Rd7+ Ke8 61. Rh7 h1=Q 62. Ke6 Qh3+ 0-1

[Event "Tradewise Gibraltar Masters 16th"]
[Site "Gibraltar"]
[Date "2018.02.01"]
[Round "10.60"]
[White "Docx, Stefan"]
[Black "Nandhidhaa, PV."]
[Result "1-0"]
[WhiteElo "2442"]
[BlackElo "2238"]
[PlyCount "121"]
[EventDate "2018.01.23"]
[EventType "swiss"]
[EventRounds "10"]
[EventCountry "GGB"]
[SourceTitle "BritBase"]
[Source "www.saund.co.uk"]
[SourceDate "2018.02.10"]
[SourceVersion "1"]
[SourceVersionDate "2018.02.10"]
[SourceQuality "1"]

1. c4 e6 2. Nf3 d5 3. e3 Nf6 4. b3 c5 5. cxd5 exd5 6. Bb2 Nc6 7. Bb5 Bd6 8. d4
Qa5+ 9. Nc3 Ne4 10. Rc1 O-O 11. Bxc6 bxc6 12. O-O Ba6 13. Re1 c4 14. bxc4 Rab8
15. Nxe4 dxe4 16. Bc3 Qh5 17. Ne5 Qxd1 18. Rexd1 Bxe5 19. dxe5 Bxc4 20. Rd4 Bd5
21. Ra4 Rfc8 22. h4 h5 23. Kh2 c5 24. Ra5 Be6 25. Kg3 Rb7 26. Kf4 Rd7 27. Bd4
Rdc7 28. Rcxc5 Rxc5 29. Bxc5 Bxa2 30. Kxe4 Bb1+ 31. Kf4 a6 32. Bd4 Bd3 33. Rd5
Rc6 34. f3 Bf1 35. g3 Bb5 36. Rd8+ Kh7 37. Ra8 Bc4 38. Ra7 Kg8 39. e4 Rg6 40.
Bc5 Rc6 41. Bd4 Rg6 42. Rc7 Bb5 43. Bc5 Rc6 44. Rxc6 Bxc6 45. Kg5 g6 46. e6 Bb5
47. e7 Kg7 48. e5 f6+ 49. exf6+ Kf7 50. g4 Be8 51. Bb4 Ke6 52. Bc3 hxg4 53.
fxg4 a5 54. Bxa5 Kf7 55. h5 gxh5 56. gxh5 Ba4 57. h6 Bc2 58. Kf4 Bh7 59. Ke5
Bg8 60. Kd6 Ke8 61. f7+ 1-0

[Event "Tradewise Gibraltar Masters 16th"]
[Site "Gibraltar"]
[Date "2018.02.01"]
[Round "10.61"]
[White "Blomqvist, Erik"]
[Black "Gara, Anita"]
[Result "1-0"]
[WhiteElo "2502"]
[BlackElo "2350"]
[PlyCount "69"]
[EventDate "2018.01.23"]
[EventType "swiss"]
[EventRounds "10"]
[EventCountry "GGB"]
[SourceTitle "BritBase"]
[Source "www.saund.co.uk"]
[SourceDate "2018.02.10"]
[SourceVersion "1"]
[SourceVersionDate "2018.02.10"]
[SourceQuality "1"]

1. e4 c5 2. Nf3 d6 3. d4 cxd4 4. Nxd4 Nf6 5. Nc3 g6 6. Be3 Bg7 7. Be2 O-O 8.
Qd2 Nc6 9. O-O-O d5 10. exd5 Nxd5 11. Nxc6 bxc6 12. Nxd5 cxd5 13. Qxd5 Rb8 14.
b3 Qc7 15. Qc5 Qb7 16. Qxa7 Qc6 17. Qxb8 Qc3 18. Rd3 Qa1+ 19. Kd2 Qxh1 20. Qc7
Qxg2 21. Rd8 Bf5 22. Qxe7 Qxh2 23. Bc4 Rxd8+ 24. Qxd8+ Bf8 25. a4 Bg4 26. Qf6
Qd6+ 27. Qxd6 Bxd6 28. Bd5 h5 29. c3 h4 30. b4 Bd7 31. a5 Bb5 32. Bb7 h3 33. a6
Bxa6 34. Bxa6 h2 35. Bb7 1-0

[Event "Tradewise Gibraltar Masters 16th"]
[Site "Gibraltar"]
[Date "2018.02.01"]
[Round "10.62"]
[White "Paehtz, Thomas"]
[Black "Bellahcene, Bilel"]
[Result "0-1"]
[WhiteElo "2356"]
[BlackElo "2494"]
[PlyCount "124"]
[EventDate "2018.01.23"]
[EventType "swiss"]
[EventRounds "10"]
[EventCountry "GGB"]
[SourceTitle "BritBase"]
[Source "www.saund.co.uk"]
[SourceDate "2018.02.10"]
[SourceVersion "1"]
[SourceVersionDate "2018.02.10"]
[SourceQuality "1"]

1. e4 c5 2. Nf3 d6 3. Bb5+ Nd7 4. O-O Ngf6 5. Re1 a6 6. Bd3 b5 7. c3 e6 8. Bc2
c4 9. a4 Bb7 10. axb5 axb5 11. Rxa8 Qxa8 12. Na3 Be7 13. Nxb5 O-O 14. Na3 Rc8
15. Qe2 d5 16. e5 Ne4 17. Nd4 Nxe5 18. f3 Nd3 19. Bxd3 cxd3 20. Qxd3 Ba6 21.
Qe3 Nc5 22. Nab5 Qb7 23. b4 Bxb5 24. Nxb5 Qxb5 25. bxc5 Bxc5 26. d4 Bd6 27. Bd2
Ra8 28. g3 h6 29. Qe2 Qb2 30. Qd3 Ra2 31. Re2 Ra1+ 32. Re1 Ra2 33. Re2 Ra1+ 34.
Re1 Ra2 35. Re2 Qb3 36. Be1 Ra1 37. Kf2 Bc7 38. f4 g6 39. Rc2 h5 40. Qe2 Rb1
41. Ra2 h4 42. Qc2 Qb5 43. Qe2 Qb8 44. Kg2 Kg7 45. Bf2 Qh8 46. gxh4 Bxf4 47.
Rb2 Rxb2 48. Qxb2 Qh5 49. Bg3 Qf5 50. Qe2 Bc1 51. Be1 Qe4+ 52. Qxe4 dxe4 53. c4
f5 54. c5 Kf7 55. c6 Ke7 56. Bb4+ Kd8 57. Bd6 f4 58. Be5 Bd2 59. Kf2 f3 60. Bg3
Kc8 61. Bd6 Bc3 62. Ke3 Bxd4+ 0-1

[Event "Tradewise Gibraltar Masters 16th"]
[Site "Gibraltar"]
[Date "2018.02.01"]
[Round "10.63"]
[White "Gandrud, Vegar Koi"]
[Black "Christiansen, Johan-Sebastian"]
[Result "0-1"]
[WhiteElo "2346"]
[BlackElo "2492"]
[PlyCount "72"]
[EventDate "2018.01.23"]
[EventType "swiss"]
[EventRounds "10"]
[EventCountry "GGB"]
[SourceTitle "BritBase"]
[Source "www.saund.co.uk"]
[SourceDate "2018.02.10"]
[SourceVersion "1"]
[SourceVersionDate "2018.02.10"]
[SourceQuality "1"]

1. d4 d5 2. c4 dxc4 3. e4 b5 4. a4 c6 5. axb5 cxb5 6. Nc3 a6 7. Nxb5 axb5 8.
Rxa8 Bb7 9. Ra2 e6 10. Ne2 Bxe4 11. f3 Bc6 12. b3 Nf6 13. bxc4 bxc4 14. Nf4
Bb4+ 15. Kf2 g5 16. Nxe6 fxe6 17. Bxc4 O-O 18. Bxe6+ Kh8 19. d5 Qb6+ 20. Kg3
Bxd5 21. Bxd5 Qd6+ 22. Kf2 Bc5+ 23. Be3 Bxe3+ 24. Kxe3 Nxd5+ 25. Kf2 Qc5+ 26.
Kg3 Nc3 27. Qa1 Qe5+ 28. Kh3 Rf6 29. g4 Rxf3+ 30. Kg2 Qe4 31. Rc1 Rf4+ 32. Kg1
Rxg4+ 33. Kf2 Rg2+ 34. Kf1 Qf3+ 35. Ke1 Re2+ 36. Rxe2 Qxe2# 0-1

[Event "Tradewise Gibraltar Masters 16th"]
[Site "Gibraltar"]
[Date "2018.02.01"]
[Round "10.64"]
[White "Khotenashvili, Bela"]
[Black "Horvath, Dominik"]
[Result "1-0"]
[WhiteElo "2486"]
[BlackElo "2329"]
[PlyCount "49"]
[EventDate "2018.01.23"]
[EventType "swiss"]
[EventRounds "10"]
[EventCountry "GGB"]
[SourceTitle "BritBase"]
[Source "www.saund.co.uk"]
[SourceDate "2018.02.10"]
[SourceVersion "1"]
[SourceVersionDate "2018.02.10"]
[SourceQuality "1"]

1. d4 Nf6 2. c4 e6 3. Nf3 d5 4. g3 Bb4+ 5. Nc3 O-O 6. Bg2 dxc4 7. O-O Nc6 8. a3
Be7 9. e4 Na5 10. Be3 c6 11. Qc2 b5 12. Rad1 Bb7 13. h4 h6 14. Ne5 Qc7 15. Qe2
a6 16. Bf4 Qb6 17. g4 Rad8 18. g5 hxg5 19. hxg5 Nd7 20. Qh5 Nxe5 21. Bxe5 c5
22. Bf3 Bd6 23. Kg2 Rfe8 24. Rh1 Kf8 25. Bf6 1-0

[Event "Tradewise Gibraltar Masters 16th"]
[Site "Gibraltar"]
[Date "2018.02.01"]
[Round "10.65"]
[White "Padmini, Rout"]
[Black "Studer, Noel"]
[Result "0-1"]
[WhiteElo "2325"]
[BlackElo "2476"]
[PlyCount "84"]
[EventDate "2018.01.23"]
[EventType "swiss"]
[EventRounds "10"]
[EventCountry "GGB"]
[SourceTitle "BritBase"]
[Source "www.saund.co.uk"]
[SourceDate "2018.02.10"]
[SourceVersion "1"]
[SourceVersionDate "2018.02.10"]
[SourceQuality "1"]

1. Nf3 d5 2. g3 c6 3. Bg2 Bg4 4. O-O Nd7 5. d3 e6 6. h3 Bh5 7. Nbd2 Bd6 8. b3
Ne7 9. Bb2 O-O 10. Qe1 a5 11. a3 e5 12. e4 Bxf3 13. Nxf3 d4 14. Nh4 a4 15. b4
c5 16. bxc5 Bxc5 17. f4 Ra6 18. Bf3 b5 19. Kh2 Qc7 20. Bg4 Nf6 21. Bd1 Nc6 22.
Bc1 b4 23. fxe5 Nd7 24. e6 fxe6 25. Rxf8+ Bxf8 26. Nf3 Qb6 27. Rb1 Qc5 28. axb4
Nxb4 29. Qf2 e5 30. Ba3 Qc3 31. Bb2 Qc8 32. Ra1 Qc5 33. Qd2 Nc6 34. c3 a3 35.
Bc1 dxc3 36. Qa2+ Kh8 37. Ng5 Nd8 38. Bg4 Nf6 39. Ne6 Nxe6 40. Bxe6 Rxe6 41.
Qxe6 Qf2+ 42. Kh1 Nh5 0-1

[Event "Tradewise Gibraltar Masters 16th"]
[Site "Gibraltar"]
[Date "2018.02.01"]
[Round "10.66"]
[White "Cawdery, Daniel"]
[Black "Sadhwani, Raunak"]
[Result "1-0"]
[WhiteElo "2446"]
[BlackElo "2321"]
[PlyCount "75"]
[EventDate "2018.01.23"]
[EventType "swiss"]
[EventRounds "10"]
[EventCountry "GGB"]
[SourceTitle "BritBase"]
[Source "www.saund.co.uk"]
[SourceDate "2018.02.10"]
[SourceVersion "1"]
[SourceVersionDate "2018.02.10"]
[SourceQuality "1"]

1. e4 c6 2. Nf3 d5 3. Nc3 Nf6 4. e5 Ne4 5. Ne2 Qb6 6. d4 e6 7. Ng3 c5 8. c3 Nc6
9. Bd3 cxd4 10. Nxe4 dxe4 11. Bxe4 dxc3 12. bxc3 Qa6 13. Bf4 Be7 14. Bd3 Qa5
15. O-O O-O 16. Qc2 g6 17. Rab1 Rd8 18. h4 Bf8 19. h5 Bg7 20. Rfe1 Qc7 21. Ng5
Bxe5 22. Rxe5 Nxe5 23. hxg6 hxg6 24. Nxf7 Kxf7 25. Bxg6+ Kf6 26. Qe4 Qxc3 27.
Bh5 Rg8 28. Rc1 Qb2 29. Re1 Nf7 30. Bxf7 Kxf7 31. Be5 Qd2 32. Qh7+ Kf8 33. Re3
Qd1+ 34. Kh2 Rg5 35. Qh6+ Ke8 36. Qxg5 Kd7 37. Qg7+ Kc6 38. Qc7+ 1-0

[Event "Tradewise Gibraltar Masters 16th"]
[Site "Gibraltar"]
[Date "2018.02.01"]
[Round "10.67"]
[White "De Francesco, Klaus"]
[Black "Gavrilescu, David"]
[Result "0-1"]
[WhiteElo "2287"]
[BlackElo "2437"]
[PlyCount "82"]
[EventDate "2018.01.23"]
[EventType "swiss"]
[EventRounds "10"]
[EventCountry "GGB"]
[SourceTitle "BritBase"]
[Source "www.saund.co.uk"]
[SourceDate "2018.02.10"]
[SourceVersion "1"]
[SourceVersionDate "2018.02.10"]
[SourceQuality "1"]

1. d4 d5 2. c4 e6 3. Nf3 Nf6 4. e3 Be7 5. Nc3 Nbd7 6. Qc2 a6 7. Bd2 dxc4 8.
Bxc4 c5 9. O-O O-O 10. a4 Qc7 11. Bd3 b6 12. Ne4 Bb7 13. Rfc1 Rac8 14. Nxf6+
Nxf6 15. e4 Qb8 16. e5 c4 17. Be2 Nd5 18. Ng5 Bxg5 19. Bxg5 h6 20. Bd2 Rfd8 21.
g4 Ne7 22. Be3 Qa8 23. Qd1 Ng6 24. Qf1 Nh4 25. Qh3 Nf3+ 26. Bxf3 Bxf3 27. Qg3
Qe4 28. h3 b5 29. axb5 axb5 30. Re1 Ra8 31. Rac1 Qc6 32. g5 h5 33. g6 Rd7 34.
gxf7+ Rxf7 35. Kh2 Ra2 36. b3 c3 37. b4 Be4 38. Bf4 Bd5 39. Re3 Qc4 40. Rexc3
Qxd4 41. Rc8+ Kh7 0-1

[Event "Tradewise Gibraltar Masters 16th"]
[Site "Gibraltar"]
[Date "2018.02.01"]
[Round "10.68"]
[White "Serarols Mabras, Bernat"]
[Black "Swayams, Mishra"]
[Result "0-1"]
[WhiteElo "2235"]
[BlackElo "2432"]
[PlyCount "40"]
[EventDate "2018.01.23"]
[EventType "swiss"]
[EventRounds "10"]
[EventCountry "GGB"]
[SourceTitle "BritBase"]
[Source "www.saund.co.uk"]
[SourceDate "2018.02.10"]
[SourceVersion "1"]
[SourceVersionDate "2018.02.10"]
[SourceQuality "1"]

1. d4 Nf6 2. c4 e6 3. g3 c5 4. d5 exd5 5. cxd5 d6 6. Nc3 g6 7. Bg2 Bg7 8. Nf3
O-O 9. O-O Re8 10. Bf4 Bf5 11. Qc1 Ne4 12. Nh4 Nxc3 13. bxc3 Be4 14. Qd2 Bxg2
15. Nxg2 Nd7 16. Bxd6 Nf6 17. Bf4 Nxd5 18. Rfc1 Nxc3 19. Rxc3 Qxd2 20. Bxd2
Rxe2 0-1

[Event "Tradewise Gibraltar Masters 16th"]
[Site "Gibraltar"]
[Date "2018.02.01"]
[Round "10.69"]
[White "Perez, Flavio"]
[Black "Wemmers, Xander"]
[Result "1-0"]
[WhiteElo "2279"]
[BlackElo "2430"]
[PlyCount "81"]
[EventDate "2018.01.23"]
[EventType "swiss"]
[EventRounds "10"]
[EventCountry "GGB"]
[SourceTitle "BritBase"]
[Source "www.saund.co.uk"]
[SourceDate "2018.02.10"]
[SourceVersion "1"]
[SourceVersionDate "2018.02.10"]
[SourceQuality "1"]

1. e4 e5 2. Nf3 Nc6 3. Bc4 Nf6 4. d3 Be7 5. O-O O-O 6. Re1 d6 7. c3 h6 8. Nbd2
Na5 9. Bb5 a6 10. Ba4 b5 11. Bc2 c5 12. Nf1 Re8 13. Ng3 Bf8 14. h3 Nc6 15. d4
cxd4 16. cxd4 Bd7 17. Be3 exd4 18. Nxd4 d5 19. exd5 Nxd5 20. Qd3 g6 21. Nxc6
Bxc6 22. Bb3 Bg7 23. Rac1 Bb7 24. Bd2 Rxe1+ 25. Rxe1 Nf6 26. Qxg6 Qxd2 27.
Qxf7+ Kh8 28. Re7 Qg5 29. Rxb7 Re8 30. Re7 Rc8 31. Rc7 Rf8 32. Qe6 Ne8 33. Rc8
Bd4 34. Ne4 Qf4 35. Rc2 Ng7 36. Qg4 Qe5 37. Rc6 Nf5 38. Rg6 Bxf2+ 39. Nxf2 Qe1+
40. Kh2 Qe5+ 41. g3 1-0

[Event "Tradewise Gibraltar Masters 16th"]
[Site "Gibraltar"]
[Date "2018.02.01"]
[Round "10.70"]
[White "Solomon, Kenny"]
[Black "Mohota, Nisha"]
[Result "1-0"]
[WhiteElo "2420"]
[BlackElo "2269"]
[PlyCount "83"]
[EventDate "2018.01.23"]
[EventType "swiss"]
[EventRounds "10"]
[EventCountry "GGB"]
[SourceTitle "BritBase"]
[Source "www.saund.co.uk"]
[SourceDate "2018.02.10"]
[SourceVersion "1"]
[SourceVersionDate "2018.02.10"]
[SourceQuality "1"]

1. e4 Nf6 2. e5 Nd5 3. d4 d6 4. Nf3 Bg4 5. Be2 e6 6. O-O Be7 7. c4 Nb6 8. exd6
cxd6 9. h3 Bh5 10. Nc3 O-O 11. Bf4 a6 12. b3 d5 13. c5 Bxf3 14. Bxf3 Nc8 15. b4
Nc6 16. Rb1 Bf6 17. Be3 N8e7 18. g4 g5 19. a4 Ng6 20. b5 axb5 21. axb5 Na5 22.
Rb4 Nf4 23. Bxf4 gxf4 24. Be2 Bg7 25. Na4 Qh4 26. Nb6 Rad8 27. Qd3 f5 28. Qf3
Rf6 29. Kh2 fxg4 30. Qxg4 Qh6 31. Qf3 Rf5 32. Rg1 Kh8 33. Ra4 Nc4 34. Bxc4 dxc4
35. c6 e5 36. c7 Qxb6 37. cxd8=Q+ Qxd8 38. Qxb7 Bf8 39. Ra8 Qf6 40. Qd5 Qf7 41.
Qxf7 Rxf7 42. dxe5 1-0

[Event "Tradewise Gibraltar Masters 16th"]
[Site "Gibraltar"]
[Date "2018.02.01"]
[Round "10.71"]
[White "Bopp, Thomas"]
[Black "Keymer, Vincent"]
[Result "1-0"]
[WhiteElo "2154"]
[BlackElo "2408"]
[PlyCount "71"]
[EventDate "2018.01.23"]
[EventType "swiss"]
[EventRounds "10"]
[EventCountry "GGB"]
[SourceTitle "BritBase"]
[Source "www.saund.co.uk"]
[SourceDate "2018.02.10"]
[SourceVersion "1"]
[SourceVersionDate "2018.02.10"]
[SourceQuality "1"]

1. d4 Nf6 2. Nc3 d5 3. Bf4 e6 4. Nb5 Na6 5. a3 c6 6. Nc3 c5 7. e3 Bd7 8. Nf3
Be7 9. Ne5 O-O 10. g4 cxd4 11. exd4 Ne4 12. Nxe4 dxe4 13. c3 Nc7 14. Qc2 Be8
15. Qxe4 f6 16. Bd3 g6 17. Nf3 Bc6 18. Qe2 e5 19. Bh6 Rf7 20. O-O-O Qd5 21. Nd2
Bxa3 22. bxa3 Qa5 23. Nb1 Bxh1 24. Rxh1 Re8 25. Bc4 Ne6 26. d5 Nc5 27. d6 Ne6
28. Qa2 Nd8 29. Rd1 g5 30. Bxf7+ Nxf7 31. d7 Rd8 32. Qe6 Qa4 33. Qxf6 Qf4+ 34.
Qxf4 gxf4 35. g5 Nh8 36. g6 1-0

[Event "Tradewise Gibraltar Masters 16th"]
[Site "Gibraltar"]
[Date "2018.02.01"]
[Round "10.72"]
[White "Hoolt, Sarah"]
[Black "Antova, Gabriela"]
[Result "1-0"]
[WhiteElo "2400"]
[BlackElo "2260"]
[PlyCount "101"]
[EventDate "2018.01.23"]
[EventType "swiss"]
[EventRounds "10"]
[EventCountry "GGB"]
[SourceTitle "BritBase"]
[Source "www.saund.co.uk"]
[SourceDate "2018.02.10"]
[SourceVersion "1"]
[SourceVersionDate "2018.02.10"]
[SourceQuality "1"]

1. e4 c5 2. Nf3 d6 3. d4 cxd4 4. Nxd4 Nf6 5. Nc3 a6 6. Be2 e6 7. g4 h6 8. h4
Nc6 9. Rg1 d5 10. exd5 Nxd5 11. Nxd5 Qxd5 12. Be3 Bd7 13. Bf3 Qa5+ 14. c3 Ne5
15. Be2 Rc8 16. Nb3 Qc7 17. Qd4 b5 18. O-O-O b4 19. Bf4 Nc6 20. Qe4 Qb7 21. c4
Na5 22. Qd4 Nxb3+ 23. axb3 a5 24. Bf3 Bc6 25. Rg3 a4 26. bxa4 Bxf3 27. Rxf3 Be7
28. b3 O-O 29. Rfd3 Bxh4 30. Qe3 Rfd8 31. Rxd8+ Rxd8 32. Rxd8+ Bxd8 33. f3 Bf6
34. Qe4 Qb6 35. Be3 Qd6 36. f4 g5 37. c5 Qc7 38. Qxb4 Qc6 39. Qc4 Qh1+ 40. Kc2
Qg2+ 41. Bd2 gxf4 42. c6 Be5 43. a5 f3 44. a6 f2 45. a7 f1=Q 46. a8=Q+ Kg7 47.
Qxf1 Qxf1 48. Qa5 f6 49. c7 Qe2 50. c8=Q Qe4+ 51. Kc1 1-0

[Event "Tradewise Gibraltar Masters 16th"]
[Site "Gibraltar"]
[Date "2018.02.01"]
[Round "10.73"]
[White "Ranaivoharisoa, Alain"]
[Black "Erenberg, Ariel"]
[Result "0-1"]
[WhiteElo "2142"]
[BlackElo "2382"]
[PlyCount "78"]
[EventDate "2018.01.23"]
[EventType "swiss"]
[EventRounds "10"]
[EventCountry "GGB"]
[SourceTitle "BritBase"]
[Source "www.saund.co.uk"]
[SourceDate "2018.02.10"]
[SourceVersion "1"]
[SourceVersionDate "2018.02.10"]
[SourceQuality "1"]

1. e4 e5 2. Nf3 Nc6 3. Bc4 Bc5 4. O-O Nf6 5. d3 h6 6. c3 d6 7. a4 a6 8. Nbd2
O-O 9. Re1 Ba7 10. Nf1 Ne7 11. Be3 Ng6 12. Bxa7 Rxa7 13. d4 Qe8 14. Ng3 Bd7 15.
a5 Nf4 16. Qd2 Ra8 17. dxe5 dxe5 18. Qe3 Bb5 19. Qc5 Nd7 20. Qb4 Nb8 21. Bxb5
axb5 22. Qc5 Nd3 23. Qxc7 Nxe1 24. Rxe1 Nc6 25. b4 Qe6 26. Nf5 Rab8 27. Ne3 b6
28. Rd1 Rfc8 29. Qd6 bxa5 30. bxa5 Qxd6 31. Rxd6 Nxa5 32. Nd5 Nc4 33. Ne7+ Kf8
34. Nxc8 Nxd6 35. Nxd6 Rd8 36. Nxe5 Rxd6 37. f3 Rd1+ 38. Kf2 Rc1 39. Nd7+ Ke8
0-1

[Event "Tradewise Gibraltar Masters 16th"]
[Site "Gibraltar"]
[Date "2018.02.01"]
[Round "10.74"]
[White "Villar Reymundo, Juan Antonio"]
[Black "Stark, Lars"]
[Result "1/2-1/2"]
[WhiteElo "2121"]
[BlackElo "2381"]
[PlyCount "55"]
[EventDate "2018.01.23"]
[EventType "swiss"]
[EventRounds "10"]
[EventCountry "GGB"]
[SourceTitle "BritBase"]
[Source "www.saund.co.uk"]
[SourceDate "2018.02.10"]
[SourceVersion "1"]
[SourceVersionDate "2018.02.10"]
[SourceQuality "1"]

1. d4 e6 2. c4 Nf6 3. g3 c5 4. d5 exd5 5. cxd5 d6 6. Nc3 g6 7. Bg2 Bg7 8. Nf3
O-O 9. O-O Re8 10. Bf4 a6 11. a4 b6 12. Nd2 Nh5 13. Be3 Rxe3 14. fxe3 Nd7 15.
Nf3 Qe7 16. Qd3 Nhf6 17. Bh3 Bb7 18. Rf2 Re8 19. e4 Ne5 20. Nxe5 Qxe5 21. Raf1
Re7 22. Rf4 Nh5 23. R4f3 Qd4+ 24. Kh1 Qe5 25. Kg1 Nf6 26. Rf4 Nh5 27. R4f3 Nf6
28. Rf4 1/2-1/2

[Event "Tradewise Gibraltar Masters 16th"]
[Site "Gibraltar"]
[Date "2018.02.01"]
[Round "10.75"]
[White "Bjerre, Jonas Buhl"]
[Black "Yoo, Christopher Woojin"]
[Result "1-0"]
[WhiteElo "2367"]
[BlackElo "2254"]
[PlyCount "89"]
[EventDate "2018.01.23"]
[EventType "swiss"]
[EventRounds "10"]
[EventCountry "GGB"]
[SourceTitle "BritBase"]
[Source "www.saund.co.uk"]
[SourceDate "2018.02.10"]
[SourceVersion "1"]
[SourceVersionDate "2018.02.10"]
[SourceQuality "1"]

1. c4 Nf6 2. Nc3 d5 3. cxd5 Nxd5 4. Nf3 g6 5. e4 Nxc3 6. dxc3 Qxd1+ 7. Kxd1 f6
8. h4 e5 9. h5 g5 10. Be3 Be6 11. Nd2 Nd7 12. Bc4 Kf7 13. Ke2 a5 14. Rhd1 a4
15. Bxe6+ Kxe6 16. Nf1 Ra5 17. Rd2 Bc5 18. Rad1 Nb6 19. b4 axb3 20. axb3 Bxe3
21. Nxe3 Ra3 22. c4 Rxb3 23. Nf5 Rc3 24. Rd6+ cxd6 25. Rxd6+ Kf7 26. Rxb6 Rb8
27. Kd2 Ra3 28. Rd6 Ra6 29. Rd7+ Kg8 30. h6 b5 31. c5 b4 32. c6 Raa8 33. c7 Rf8
34. Nd6 Kh8 35. Kc2 f5 36. exf5 g4 37. Rg7 e4 38. Nf7+ Rxf7 39. Rxf7 g3 40.
fxg3 e3 41. Rd7 b3+ 42. Kxb3 Kg8 43. Rd8+ Kf7 44. Rxa8 e2 45. Ra1 1-0

[Event "Tradewise Gibraltar Masters 16th"]
[Site "Gibraltar"]
[Date "2018.02.01"]
[Round "10.76"]
[White "Blohberger, Felix"]
[Black "Gavilan Diaz, Mario"]
[Result "1-0"]
[WhiteElo "2367"]
[BlackElo "2251"]
[PlyCount "137"]
[EventDate "2018.01.23"]
[EventType "swiss"]
[EventRounds "10"]
[EventCountry "GGB"]
[SourceTitle "BritBase"]
[Source "www.saund.co.uk"]
[SourceDate "2018.02.10"]
[SourceVersion "1"]
[SourceVersionDate "2018.02.10"]
[SourceQuality "1"]

1. Nf3 b6 2. g3 Bb7 3. Bg2 e5 4. d3 g6 5. O-O Bg7 6. e4 Ne7 7. Re1 O-O 8. c3 d6
9. d4 Nd7 10. Nbd2 h6 11. Nc4 exd4 12. cxd4 d5 13. exd5 Bxd5 14. Ne3 Bb7 15.
Ng4 Nf5 16. Bf4 c5 17. dxc5 Nxc5 18. Nge5 Qxd1 19. Raxd1 Rfd8 20. g4 Ne7 21.
Nd4 Bxg2 22. Kxg2 Rac8 23. Bg3 Na4 24. Re2 Rc5 25. Nd3 Rcd5 26. Bc7 R8d7 27.
Nf4 Rc5 28. Nde6 Rcxc7 29. Nxc7 Rxc7 30. b3 Nc3 31. Rd8+ Kh7 32. Red2 Bf6 33.
R8d7 Rxd7 34. Rxd7 a5 35. a4 Kg7 36. Rb7 Ncd5 37. Nd3 Nc6 38. Rd7 Ndb4 39. Nxb4
axb4 40. Rd6 Na5 41. Rxb6 Bc3 42. Rb5 Nxb3 43. a5 Nxa5 44. Rxa5 b3 45. Rb5 b2
46. f4 Kf6 47. Kf3 Ke6 48. h3 Bf6 49. Ke4 Bc3 50. Rb6+ Ke7 51. h4 Bf6 52. Kd5
Bc3 53. Rb7+ Kf8 54. Ke4 Bf6 55. Kd3 Ke8 56. Kc2 Kf8 57. Rb5 Bxh4 58. Rxb2 h5
59. gxh5 gxh5 60. Kd3 Bg3 61. Ke4 h4 62. Rb3 Kg7 63. Kf5 Kh6 64. Kg4 Kg7 65.
Kg5 Bf2 66. f5 f6+ 67. Kh5 Bg3 68. Rb7+ Kf8 69. Kg6 1-0

[Event "Tradewise Gibraltar Masters 16th"]
[Site "Gibraltar"]
[Date "2018.02.01"]
[Round "10.78"]
[White "Dzagnidze, Nana"]
[Black "Maisuradze, Nino"]
[Result "1-0"]
[WhiteElo "2522"]
[BlackElo "2234"]
[PlyCount "69"]
[EventDate "2018.01.23"]
[EventType "swiss"]
[EventRounds "10"]
[EventCountry "GGB"]
[SourceTitle "BritBase"]
[Source "www.saund.co.uk"]
[SourceDate "2018.02.10"]
[SourceVersion "1"]
[SourceVersionDate "2018.02.10"]
[SourceQuality "1"]

1. Nf3 d5 2. b3 Nf6 3. Bb2 g6 4. c4 c6 5. g3 Bg7 6. Bg2 O-O 7. O-O Nbd7 8. cxd5
cxd5 9. d3 b6 10. Nc3 Bb7 11. b4 e5 12. e3 Qe7 13. Qb3 e4 14. dxe4 dxe4 15. Nd2
Rac8 16. Rfd1 Rfd8 17. Nc4 Ne8 18. Bh3 Rc7 19. Rab1 Rxc4 20. Qxc4 Ne5 21. Qe2
Nd3 22. Ba1 Rb8 23. a3 Nd6 24. Bg2 f5 25. Qa2+ Nf7 26. Nd5 Qd6 27. Nf4 Bxa1 28.
Rxa1 Ba6 29. Rab1 Kg7 30. b5 Bb7 31. Nxd3 exd3 32. Qb2+ Kh6 33. Qd4 Qxd4 34.
exd4 Be4 35. f3 1-0

[Event "Tradewise Gibraltar Masters 16th"]
[Site "Gibraltar"]
[Date "2018.02.01"]
[Round "10.79"]
[White "Meszaros, Andras"]
[Black "Cernousek, Lukas"]
[Result "0-1"]
[WhiteElo "2258"]
[BlackElo "2468"]
[PlyCount "110"]
[EventDate "2018.01.23"]
[EventType "swiss"]
[EventRounds "10"]
[EventCountry "GGB"]
[SourceTitle "BritBase"]
[Source "www.saund.co.uk"]
[SourceDate "2018.02.10"]
[SourceVersion "1"]
[SourceVersionDate "2018.02.10"]
[SourceQuality "1"]

1. Nf3 Nf6 2. c4 g6 3. g3 Bg7 4. Nc3 d5 5. cxd5 Nxd5 6. Bg2 Nb6 7. O-O Nc6 8.
d3 O-O 9. Bd2 e5 10. a3 Nd4 11. b4 c6 12. a4 Bg4 13. a5 Bxf3 14. exf3 Nd5 15.
Nxd5 Qxd5 16. a6 b6 17. f4 Qb5 18. fxe5 Bxe5 19. Re1 Rfe8 20. Bc3 Rad8 21. Re4
Re6 22. Ra2 c5 23. bxc5 bxc5 24. Bxd4 Rxd4 25. Rxd4 Bxd4 26. Bd5 Rxa6 27. Rxa6
Qxa6 28. Kg2 Qd6 29. Qf3 Qc7 30. g4 a5 31. Qe4 Kg7 32. Bb3 Qd7 33. h3 a4 34.
Bc4 Qa7 35. Qd5 a3 36. g5 Qc7 37. Kf3 Qe7 38. Bb3 Bc3 39. h4 Qc7 40. Bc4 Bd2
41. Ke2 Bf4 42. Kf3 Bc1 43. Kg2 Qf4 44. Qxc5 Bb2 45. Qd5 Bd4 46. Qf3 Qxf3+ 47.
Kxf3 Kf8 48. Kg3 Ke7 49. f3 Be3 50. f4 f5 51. gxf6+ Kxf6 52. d4 h5 53. d5 Bc5
54. Kf3 Bb4 55. Ke4 Be1 0-1